| 000 | 00521nam a2200217Ia 4500 | ||
|---|---|---|---|
| 003 | OSt | ||
| 005 | 20240520122555.0 | ||
| 008 | 210210b xxu||||| |||| 00| 0 eng d | ||
| 040 | _cAL | ||
| 041 | _aeng | ||
| 082 | _a823/15 | ||
| 100 |
_aSHAKESPEARE (William) _9166255 |
||
| 245 | _aAntony and Cleopatra | ||
| 260 |
_aLondon _bBlackie and Son Limited |
||
| 650 |
_aCleopatra _9166256 |
||
| 650 |
_aAntony _9166257 |
||
| 650 |
_aand _9166258 |
||
| 690 |
_aEnglish Drama _9166259 |
||
| 906 | _a013567 | ||
| 942 |
_2ddc _cBK |
||
| 999 |
_c132448 _d132448 |
||